Programa de suport a la gestió ambiental d’activitats en el municipi (SAM)
Descripción Física:
1 tríptic ; 21 cm
Materias:
Gestió ambiental
MARC
| LEADER | 00000nam a2200000Ia 4500 | ||
|---|---|---|---|
| 001 | 24541 | ||
| 008 | 160829s9999 xx 000 0 cat d | ||
| 080 | |a FU-67-36 | ||
| 245 | |a Programa de suport a la gestió ambiental d’activitats en el municipi (SAM) | ||
| 260 | |a [Barcelona] : |b Diputació de Barcelona. Àrea de Medi Ambient, DL 1998 | ||
| 300 | |a 1 tríptic ; |c 21 cm | ||
| 650 | 0 | |a Gestió ambiental |9 37534 | |
| 710 | |a Barcelona (Catalunya : Província). |b Àrea de Medi Ambient |9 52987 | ||
| 901 | |a Arxiu | ||
| 942 | |n 1 | ||
| 952 | |0 0 |1 0 |4 0 |6 FU6736 |7 1 |9 55965 |a Arxiu |b Arxiu |d 2016-12-01 |l 0 |o FU-67-36 |p 24541 |r 2016-12-01 00:00:00 |w 2016-12-01 |y ARXIU | ||
| 999 | |c 59838 |d 59838 | ||